Speech And Language Processing (Record no. 336405)

MARC details
000 -LEADER
fixed length control field 00588nam a2200181Ia 4500
008 - FIXED-LENGTH DATA ELEMENTS--GENERAL INFORMATION
fixed length control field 230718s9999 xx 000 0 und d
020 ## - INTERNATIONAL STANDARD BOOK NUMBER
International Standard Book Number 9789332518414
041 ## - LANGUAGE CODE
Language code of text/sound track or separate title eng
082 ## - DEWEY DECIMAL CLASSIFICATION NUMBER
Classification number 006.35
Item number JUR
100 ## - MAIN ENTRY--PERSONAL NAME
Personal name Jurafsky D.
9 (RLIN) 162542
245 ## - TITLE STATEMENT
Title Speech And Language Processing
Remainder of title An Introduction To Natural Language Processing, Computational Lingusitics, And Speech Recognition
250 ## - EDITION STATEMENT
Edition statement 2nd ed.
260 ## - PUBLICATION, DISTRIBUTION, ETC. (IMPRINT)
Date of publication, distribution, etc. 2014
Name of publisher, distributor, etc. Pearson
300 ## - PHYSICAL DESCRIPTION
Extent 940
365 ## - TRADE PRICE
Currency code Rs.
Price amount 970.00
700 ## - ADDED ENTRY--PERSONAL NAME
Personal name Jurafsky D. & Martin J.H.
9 (RLIN) 196151
906 ## - LOCAL DATA ELEMENT F, LDF (RLIN)
d O:0394012-Jun-2014B:559608-Apr-2014
c ME ETC
b 194
Holdings
Withdrawn status Lost status Damaged status Not for loan Home library Current library Date acquired Vendor Budget Code Cost, normal purchase price Bill number Total Checkouts Full call number Barcode Date last seen Date last checked out Discount Cost, replacement price Bill Date Koha item type Original Barcode Source of classification or shelving scheme Checked out
        Cummins College of Engineering for Women Pune Cummins College of Engineering for Women Pune 12/06/2014 Technical Book Services ME ETC 776.00 5596 6 006.35 CCEP-BK-47612 27/05/2024 16/04/2024 194 970.00 08/04/2014 Books 047612    
        Cummins College of Engineering for Women Pune Cummins College of Engineering for Women Pune 15/02/2024 63   963.75   2 006.35 JUR CCEP-BK-66382 08/01/2026 08/01/2026   1285.00 15/02/2024 Books   Dewey Decimal Classification 30/06/2026
        Cummins College of Engineering for Women Pune Cummins College of Engineering for Women Pune 21/03/2024 63   993.75   1 006.35 JUR CCEP-BK-67012 24/05/2024 16/04/2024   1325.00 21/03/2024 Books   Dewey Decimal Classification  
        Cummins College of Engineering for Women Pune Cummins College of Engineering for Women Pune 21/03/2024 63   993.75   1 006.35 JUR CCEP-BK-67013 24/05/2024 16/04/2024   1325.00 21/03/2024 Books   Dewey Decimal Classification